| 000 | 01724nam a2200481 a 4500 | ||
|---|---|---|---|
| 001 | 21987 | ||
| 003 | VRT | ||
| 005 | 20260317093200.0 | ||
| 008 | 251031sm y0slocxo r 0 slo | ||
| 015 | _aSNBA2003/04-01223 | ||
| 020 | _a8055104654 | ||
| 035 | _aSNK000405962 | ||
| 039 | 9 |
_a202510310906 _bVLOAD _c202403181422 _dVLOAD _c202204120817 _dmsnk170 _c202106301233 _dAUTHORITY |
|
| 040 |
_aSNK _bslo _cSNK _eAACR2 |
||
| 041 | 0 | _aslo | |
| 044 |
_axo _cSK |
||
| 072 | 7 | _a821.111(73)-3 | |
| 080 |
_a821.111 (73)-3 _22. slo |
||
| 080 | _a821.111(73)-31 | ||
| 100 | 1 |
_aKrentz, Jayne Ann, _d1948- _4aut |
|
| 240 | 1 | 0 |
_aLost & found _lSlovensky |
| 245 | 1 | 0 |
_aStraty a nálezy _cJayne Ann Krentzová ; [z anglického originálu preložila Viera Detková] |
| 250 | _a[1. vyd.] | ||
| 260 |
_aBratislava _bIkar _c2003 |
||
| 300 |
_a270 s. _c21 cm |
||
| 500 | _aÚdaj o prekl. prevzatý z rubu tit. strany | ||
| 650 | 0 | 7 |
_aromány spoločenské americké _2SNK |
| 650 | 0 | 7 | _aamerická próza |
| 655 | 7 |
_aumelecká literatúra _2SNK |
|
| 655 | 7 | _aamerické romány | |
| 700 | 1 |
_aDetková, Viera _4trl |
|
| 730 | _aLost & found | ||
| 942 |
_2ddc _cKLDO _n0 |
||
| 949 |
_6270001000210650 _asvkbbA 107337 _bsvkbbm 649228 _p649228 |
||
| 949 |
_64710701698 _astrmkB _bstrmk2008/1698 |
||
| 949 |
_63869A08231 _abpksh821.111(73)-31 _bbpksh50859 |
||
| 949 |
_63869A07525 _abpksh821.111(73)-31 _bbpksh55852 |
||
| 949 |
_617A0377457 _9P60, <03>, [BOOK], {603} _asnkSC 120074 _bsnkKSP 3255/2003 |
||
| 949 |
_617A0378480 _9P60, <04>, [BOOK], {605} _asnkSC 120074 D1 _bsnkKSP 4192/2003 |
||
| 949 |
_62889745491 _asavukPV 5518 |
||
| 949 |
_6273K0126539 _asvkpoA 184846 _bsvkpo461622 |
||
| 999 |
_c21987 _d21987 |
||